000 00525nam a2200205Ia 4500
003 OSt
005 20241125113721.0
008 210719s1977 xx 000 0 und d
040 _cAL
041 _aeng
082 _a378.14 STAL
100 _aST. ALOYSIUS COLLEGE
_9185376
245 _aSt. Aloysius college Mangalore: Calendar 1963-1977
260 _aMangalore
_bSt. Aloysius College.
_c1977
300 _bHB
365 _cRs
650 _aHigher Education
_9185377
906 _aCollege Calendar
942 _2ddc
_cBK
999 _c212182
_d212182